[Event "2. BUNDESLIGA MITTE 2018/2019"]
[Site "Grieskirchen, Friedberg/Sauwald, St. Veit, Deutschlandsberg"]
[Date "2018.10.19"]
[Round "1"]
[Board "3"]
[White "Wanderer, Thomas"]
[Black "Teuschler, Barbara"]
[Result "1/2-1/2"]
[WhiteElo "2225"]
[BlackElo "2203"]
[PlyCount "63"]
[EventDate "2018.10.19"]
[EventType "team"]
[EventRounds "11"]
[EventCountry "AUT"]
[WhiteTeam "EJ Gleisdorf"]
[BlackTeam "Schachfreunde Graz"]

1. Nf3 Nf6 2. c4 b6 3. g3 Bb7 4. Bg2 c5 5. O-O g6 6. b3 Bg7 7. Bb2 O-O 8. e3 e6
9. Qe2 Qe7 10. Rd1 Na6 11. Nc3 Ne4 12. Rac1 Nb4 13. d4 Nxc3 14. Bxc3 d6 15. Rd2
Rfd8 16. e4 e5 17. d5 Bh6 18. a3 Na2 19. Rxa2 Bxc1 20. Nd2 Bc8 21. Ra1 Bxd2 22.
Bxd2 Bd7 23. Rf1 Rab8 24. a4 a6 25. f4 f6 26. fxe5 dxe5 27. Be3 Rdc8 28. h4 b5
29. axb5 axb5 30. Qf2 bxc4 31. bxc4 Kg7 32. Ra1  1/2-1/2

[Event "2. BUNDESLIGA MITTE 2018/2019"]
[Site "Grieskirchen, Friedberg/Sauwald, St. Veit, Deutschlandsberg"]
[Date "2018.10.19"]
[Round "1"]
[Board "4"]
[White "Domarkaite, Laima"]
[Black "Manhardt, Thomas"]
[Result "0-1"]
[WhiteElo "2110"]
[BlackElo "2264"]
[PlyCount "64"]
[EventDate "2018.10.19"]
[EventType "team"]
[EventRounds "11"]
[EventCountry "AUT"]
[WhiteTeam "Schachfreunde Graz"]
[BlackTeam "EJ Gleisdorf"]

1. e4 c5 2. c3 d5 3. exd5 Qxd5 4. d4 cxd4 5. cxd4 Nc6 6. Nf3 e5 7. Nc3 Bb4 8.
Bd2 Bxc3 9. Bxc3 e4 10. Ne5 Nxe5 11. dxe5 Ne7 12. Qc2 O-O 13. Be2 Bf5 14. Rd1
Qxa2 15. g4 Be6 16. O-O Bb3 17. Qxe4 Bxd1 18. Rxd1 Rad8 19. Bd3 g6 20. Bb4 Rfe8
21. Bd6 Nc8 22. Qb4 a5 23. Qxb7 Nxd6 24. exd6 Rxd6 25. Kg2 Qd5+ 26. Qxd5 Rxd5
27. Bc2 Rxd1 28. Bxd1 Rd8 29. Ba4 Rd4 30. b3 Rxg4+ 31. Kf3 Rb4 32. Kg3 Kg7  0-1

[Event "2. BUNDESLIGA MITTE 2018/2019"]
[Site "Grieskirchen, Friedberg/Sauwald, St. Veit, Deutschlandsberg"]
[Date "2018.10.19"]
[Round "1"]
[Board "5"]
[White "Wegerer, Fred"]
[Black "Kastner, Walter"]
[Result "1/2-1/2"]
[WhiteElo "2182"]
[BlackElo "2214"]
[PlyCount "129"]
[EventDate "2018.10.19"]
[EventType "team"]
[EventRounds "11"]
[EventCountry "AUT"]
[WhiteTeam "EJ Gleisdorf"]
[BlackTeam "Schachfreunde Graz"]

1. Nf3 d5 2. e3 Nf6 3. b3 Bg4 4. Bb2 e6 5. h3 Bxf3 6. Qxf3 Bd6 7. c4 c6 8. Nc3
Nbd7 9. cxd5 exd5 10. Qd1 Qe7 11. Be2 Ba3 12. Bxa3 Qxa3 13. O-O O-O-O 14. Qc2
Kb8 15. d4 h5 16. Rfb1 Qd6 17. b4 g5 18. b5 c5 19. b6 a6 20. Qa4 c4 21. Qb4
Qxb4 22. Rxb4 Rhe8 23. a4 g4 24. hxg4 hxg4 25. g3 Nf8 26. a5 Ne6 27. Kg2 Rh8
28. Rbb1 Ng5 29. Rh1 Rdg8 30. Rxh8 Rxh8 31. Re1 Kc8 32. Bd1 Kd7 33. Be2 Kd6 34.
Rc1 Ne6 35. Bd1 Rh6 36. Be2 Nd8 37. e4 Nxe4 38. Nxe4+ dxe4 39. Rxc4 Rh5 40. Rc7
Rxa5 41. Bxg4 f5 42. Bh5 Rd5 43. Bg6 a5 44. g4 fxg4 45. Bxe4 Rxd4 46. Bf5 Ke5
47. Bc8 a4 48. Bxb7 Nxb7 49. Rxb7 Rb4 50. Kg3 Kd6 51. Rc7 Rxb6 52. Rc4 Ra6 53.
Kxg4 a3 54. Rc1 Ke6 55. f4 a2 56. Ra1 Ra3 57. f5+ Ke5 58. f6 Kxf6 59. Kf4 Ra4+
60. Ke3 Ke5 61. Kd3 Ra3+ 62. Kc2 Kd4 63. Kb2 Ra8 64. Rxa2 Rxa2+ 65. Kxa2
 1/2-1/2

[Event "2. BUNDESLIGA MITTE 2018/2019"]
[Site "Grieskirchen, Friedberg/Sauwald, St. Veit, Deutschlandsberg"]
[Date "2018.10.19"]
[Round "1"]
[Board "6"]
[White "Kristoferitsch, Daniel"]
[Black "Sandner, Wolfgang"]
[Result "1-0"]
[WhiteElo "1992"]
[BlackElo "2239"]
[PlyCount "73"]
[EventDate "2018.10.19"]
[EventType "team"]
[EventRounds "11"]
[EventCountry "AUT"]
[WhiteTeam "Schachfreunde Graz"]
[BlackTeam "EJ Gleisdorf"]

1. d4 Nf6 2. c4 g6 3. Nc3 Bg7 4. e4 d6 5. Nf3 O-O 6. Be2 e5 7. O-O Nc6 8. d5
Ne7 9. b4 Ne8 10. c5 h6 11. a4 a5 12. Ba3 f5 13. Nd2 Kh8 14. Bf3 axb4 15. Bxb4
Rf7 16. Qb3 Ng8 17. Nc4 Bf8 18. cxd6 cxd6 19. Qa3 Ngf6 20. exf5 Be7 21. fxg6
Rg7 22. Be4 b5 23. Ba5 Rxa5 24. Nxa5 Qxa5 25. axb5 Qxa3 26. Rxa3 Nxe4 27. Nxe4
Nc7 28. Rc1 Nxb5 29. Rxc8+ Rg8 30. Raa8 Rxc8 31. Rxc8+ Kg7 32. Rb8 Nc7 33. Rb7
Nxd5 34. Nc3 Nxc3 35. Rxe7+ Kxg6 36. Re6+ Kg5 37. Rxd6  1-0

[Event "2. BUNDESLIGA MITTE 2018/2019"]
[Site "Grieskirchen, Friedberg/Sauwald, St. Veit, Deutschlandsberg"]
[Date "2018.10.19"]
[Round "1"]
[Board "1"]
[White "Perunovic, Milos"]
[Black "Schachinger, Mario"]
[Result "1-0"]
[WhiteElo "2600"]
[BlackElo "2396"]
[PlyCount "61"]
[EventDate "2018.10.19"]
[EventType "team"]
[EventRounds "11"]
[EventCountry "AUT"]
[WhiteTeam "SC Pinggau-Friedberg"]
[BlackTeam "Frauental"]

1. e4 e6 2. d4 d5 3. Nc3 Bb4 4. e5 c5 5. a3 Bxc3+ 6. bxc3 Ne7 7. Qg4 cxd4 8.
Bd3 Qc7 9. Ne2 O-O 10. cxd4 Ng6 11. h4 Nd7 12. Bxg6 fxg6 13. Qxe6+ Rf7 14. Qxd5
Nb6 15. Qb3 Bf5 16. O-O Bxc2 17. Qg3 Qc4 18. Re1 Nd5 19. Nf4 Qxd4 20. Nxd5 Qxd5
21. e6 Re7 22. Bb2 Rae8 23. Rac1 Ba4 24. Qc3 a5 25. Re5 Qb3 26. Qd4 Bc6 27. h5
Rf8 28. h6 Rf6 29. Re3 Qd5 30. Qxd5 Bxd5 31. Bxf6  1-0

[Event "2. BUNDESLIGA MITTE 2018/2019"]
[Site "Grieskirchen, Friedberg/Sauwald, St. Veit, Deutschlandsberg"]
[Date "2018.10.19"]
[Round "1"]
[Board "2"]
[White "Cigan, Stefan"]
[Black "Ftacnik, Lubomir"]
[Result "0-1"]
[WhiteElo "2318"]
[BlackElo "2513"]
[PlyCount "94"]
[EventDate "2018.10.19"]
[EventType "team"]
[EventRounds "11"]
[EventCountry "AUT"]
[WhiteTeam "Frauental"]
[BlackTeam "SC Pinggau-Friedberg"]

1. e4 c5 2. Nf3 d6 3. d4 cxd4 4. Nxd4 Nf6 5. Nc3 e6 6. Be3 a6 7. f3 b5 8. Qd2
Bb7 9. O-O-O Nbd7 10. Kb1 Rc8 11. g4 Nb6 12. Bd3 Nfd7 13. Qf2 Rxc3 14. bxc3 d5
15. Ne2 Na4 16. exd5 Bxd5 17. Be4 Bxe4 18. fxe4 Be7 19. Rd3 Qc8 20. Bd4 O-O 21.
e5 b4 22. cxb4 Bxb4 23. Rf1 Nac5 24. Re3 Bd2 25. Nc3 Qb7+ 26. Ka1 Rb8 27. Nb1
Bxe3 28. Qxe3 Qd5 29. Nd2 a5 30. c4 Qc6 31. Qf3 Qxf3 32. Rxf3 a4 33. Rf1 Nd3
34. Nf3 h6 35. Rd1 Nb4 36. Rd2 Nc6 37. Bb2 Nb6 38. Rd6 Nxc4 39. Rxc6 Nxb2 40.
Rc7 Nd3 41. Rc4 a3 42. Ra4 Rc8 43. Nd2 Rc2 44. Nb1 Rxh2 45. Rxa3 Nxe5 46. Ra8+
Kh7 47. Rc8 Rg2  0-1

[Event "2. BUNDESLIGA MITTE 2018/2019"]
[Site "Grieskirchen, Friedberg/Sauwald, St. Veit, Deutschlandsberg"]
[Date "2018.10.19"]
[Round "1"]
[Board "3"]
[White "Milanovic, Danilo"]
[Black "Ebner, Hubert"]
[Result "1-0"]
[WhiteElo "2493"]
[BlackElo "2243"]
[PlyCount "139"]
[EventDate "2018.10.19"]
[EventType "team"]
[EventRounds "11"]
[EventCountry "AUT"]
[WhiteTeam "SC Pinggau-Friedberg"]
[BlackTeam "Frauental"]

1. d4 Nf6 2. c4 g6 3. f3 Nc6 4. d5 Ne5 5. e4 d6 6. Nc3 Bg7 7. f4 Ned7 8. Nh3
O-O 9. Be2 Nc5 10. Nf2 e5 11. fxe5 Ne8 12. exd6 Nxd6 13. O-O Qh4 14. g3 Qe7 15.
Be3 Ncxe4 16. Ncxe4 Nxe4 17. Bd4 Nxf2 18. Rxf2 Bh3 19. Bxg7 Kxg7 20. Qd4+ Kg8
21. c5 Rfe8 22. Bb5 Rf8 23. Re2 Qg5 24. Rae1 Rad8 25. Bc4 h5 26. b4 Rd7 27. Re8
Rd8 28. R8e7 Rd7 29. R7e5 Qf6 30. Qe3 b6 31. Qf2 Kg7 32. Qxf6+ Kxf6 33. R5e3
bxc5 34. bxc5 Rb8 35. Bb3 a5 36. Rf3+ Bf5 37. Rf4 Re7 38. Rd1 Rd8 39. Ra4 Re2
40. Rf4 Ke5 41. d6 cxd6 42. Rd5+ Kf6 43. cxd6 Kg7 44. Rd1 Be6 45. Bxe6 Rxe6 46.
Rfd4 Rd7 47. R1d2 Kf6 48. Kf2 Re5 49. Kf3 Ke6 50. R2d3 Re1 51. h3 Re5 52. Kf2
f6 53. h4 Rc5 54. Ke3 Rc6 55. Re4+ Kf7 56. Ra4 Ra6 57. Rd5 Ke6 58. Rdxa5 Rxa5
59. Rxa5 Rxd6 60. Ke4 Ke7 61. a4 Kd7 62. Rd5 Kc6 63. Rxd6+ Kxd6 64. Kd4 Kc6 65.
Kc4 Kd6 66. Kb5 f5 67. Kc4 g5 68. Kd4 f4 69. hxg5 fxg3 70. Ke3  1-0

[Event "2. BUNDESLIGA MITTE 2018/2019"]
[Site "Grieskirchen, Friedberg/Sauwald, St. Veit, Deutschlandsberg"]
[Date "2018.10.19"]
[Round "1"]
[Board "4"]
[White "Krebs, Johann"]
[Black "Schnider, Gert"]
[Result "0-1"]
[WhiteElo "2196"]
[BlackElo "2424"]
[PlyCount "76"]
[EventDate "2018.10.19"]
[EventType "team"]
[EventRounds "11"]
[EventCountry "AUT"]
[WhiteTeam "Frauental"]
[BlackTeam "SC Pinggau-Friedberg"]

1. d4 Nf6 2. c4 e6 3. Nc3 Bb4 4. Qc2 d5 5. cxd5 Qxd5 6. e3 e5 7. Bd2 Bxc3 8.
bxc3 O-O 9. Nf3 Nbd7 10. Rb1 e4 11. Ng1 Re8 12. Ne2 c5 13. Nf4 Qd6 14. Be2 Nf8
15. O-O g5 16. Nh5 b6 17. Nxf6+ Qxf6 18. f3 Qg6 19. fxe4 Bb7 20. Bc4 Bxe4 21.
Qb3 Ne6 22. Rbe1 Bd3 23. d5 Nc7 24. Rf2 Bxc4 25. Qxc4 Re4 26. Qe2 c4 27. Ref1
Nxd5 28. Rxf7 Nf4 29. Qg4 Kxf7 30. exf4 Kg8 31. Qd7 Qe6 32. Qb5 gxf4 33. Bxf4
Re1 34. Qg5+ Kh8 35. Bg3 Rxf1+ 36. Kxf1 Re8 37. Qh5 Qe3 38. Qf3 Qc1+  0-1

[Event "2. BUNDESLIGA MITTE 2018/2019"]
[Site "Grieskirchen, Friedberg/Sauwald, St. Veit, Deutschlandsberg"]
[Date "2018.10.19"]
[Round "1"]
[Board "5"]
[White "Schieder, Andreas"]
[Black "Khalakhan, Jurij"]
[Result "1/2-1/2"]
[WhiteElo "2205"]
[BlackElo "2279"]
[PlyCount "53"]
[EventDate "2018.10.19"]
[EventType "team"]
[EventRounds "11"]
[EventCountry "AUT"]
[WhiteTeam "SC Pinggau-Friedberg"]
[BlackTeam "Frauental"]

1. e4 c5 2. d3 g6 3. f4 d5 4. Be2 Nc6 5. Nf3 Bg7 6. c3 dxe4 7. dxe4 Qxd1+ 8.
Bxd1 e5 9. Na3 Nf6 10. fxe5 Ng4 11. Nc4 O-O 12. O-O Ngxe5 13. Nfxe5 Nxe5 14.
Nxe5 Bxe5 15. Bb3 Be6 16. Bxe6 fxe6 17. Rxf8+ Rxf8 18. Be3 b6 19. Rd1 Bf4 20.
Bxf4 Rxf4 21. Rd8+ Kg7 22. e5 Rf7 23. Rd6 Rf5 24. Rd7+ Rf7 25. Rd6 Rf5 26. Rd7+
Rf7 27. Rd6  1/2-1/2

[Event "2. BUNDESLIGA MITTE 2018/2019"]
[Site "Grieskirchen, Friedberg/Sauwald, St. Veit, Deutschlandsberg"]
[Date "2018.10.19"]
[Round "1"]
[Board "6"]
[White "Teuschler, Hugo"]
[Black "Danner, Georg"]
[Result "1/2-1/2"]
[WhiteElo "2117"]
[BlackElo "2330"]
[PlyCount "58"]
[EventDate "2018.10.19"]
[EventType "team"]
[EventRounds "11"]
[EventCountry "AUT"]
[WhiteTeam "Frauental"]
[BlackTeam "SC Pinggau-Friedberg"]

1. e4 c5 2. Nf3 d6 3. d4 cxd4 4. Nxd4 Nf6 5. Nc3 Nc6 6. Bg5 e6 7. Qd2 Be7 8.
O-O-O O-O 9. f4 e5 10. Nxc6 bxc6 11. fxe5 dxe5 12. Qxd8 Rxd8 13. Rxd8+ Bxd8 14.
Bc4 Kf8 15. h3 h6 16. Be3 Bb6 17. Re1 Ke7 18. Na4 Bxe3+ 19. Rxe3 Rb8 20. a3 Nh5
21. Rc3 Nf4 22. Bf1 Bd7 23. Rc5 f6 24. Ra5 Rb7 25. Nc5 Rc7 26. Na6 Rc8 27. Nc5
Rc7 28. Na6 Rc8 29. Nc5 Rc7  1/2-1/2

[Event "2. BUNDESLIGA MITTE 2018/2019"]
[Site "Grieskirchen, Friedberg/Sauwald, St. Veit, Deutschlandsberg"]
[Date "2018.10.19"]
[Round "1"]
[Board "1"]
[White "Freitag, Manfred"]
[Black "Wertjanz, David"]
[Result "1-0"]
[WhiteElo "2357"]
[BlackElo "2311"]
[PlyCount "61"]
[EventDate "2018.10.19"]
[EventType "team"]
[EventRounds "11"]
[EventCountry "AUT"]
[WhiteTeam "SPG Fuerstenfeld/Hartberg"]
[BlackTeam "SC Die Klagenfurter"]

1. d4 c5 2. d5 d6 3. e4 g6 4. Bb5+ Nd7 5. a4 Bg7 6. Nf3 Ngf6 7. Nc3 O-O 8. O-O
a6 9. Be2 b6 10. Re1 Ne8 11. Bf4 Nc7 12. Qd2 Re8 13. Bf1 Rb8 14. Rab1 b5 15.
axb5 Nxb5 16. Nxb5 axb5 17. b4 c4 18. Nd4 Qb6 19. Be3 Qb7 20. Ra1 e6 21. Ra5
Bxd4 22. Qxd4 exd5 23. Ra7 Qc6 24. exd5 Qb6 25. Qa1 Qd8 26. Bh6 f6 27. Re6 Ne5
28. Rg7+ Kh8 29. Qa7 Bd7 30. Rxe5 fxe5 31. Rxd7  1-0

[Event "2. BUNDESLIGA MITTE 2018/2019"]
[Site "Grieskirchen, Friedberg/Sauwald, St. Veit, Deutschlandsberg"]
[Date "2018.10.19"]
[Round "1"]
[Board "2"]
[White "Petschar, Kurt"]
[Black "Kiss, Attila"]
[Result "1/2-1/2"]
[WhiteElo "2239"]
[BlackElo "2329"]
[PlyCount "59"]
[EventDate "2018.10.19"]
[EventType "team"]
[EventRounds "11"]
[EventCountry "AUT"]
[WhiteTeam "SC Die Klagenfurter"]
[BlackTeam "SPG Fuerstenfeld/Hartberg"]

1. c4 e6 2. Nc3 d5 3. d4 Nf6 4. Nf3 c6 5. e3 Nbd7 6. Bd3 dxc4 7. Bxc4 b5 8. Bd3
Bb7 9. O-O a6 10. b3 c5 11. Bb2 Be7 12. Rc1 O-O 13. a4 cxd4 14. Nxd4 Nc5 15.
Be2 bxa4 16. Nxa4 Nxa4 17. bxa4 Rb8 18. Nc6 Bxc6 19. Bxf6 Bxf6 20. Rxc6 a5 21.
g3 g6 22. Bb5 Qxd1 23. Rxd1 Rfd8 24. Rcd6 Kf8 25. Rxd8+ Rxd8 26. Rxd8+ Bxd8 27.
Kf1 Ke7 28. Ke2 Bb6 29. h4 h5 30. Bc6  1/2-1/2

[Event "2. BUNDESLIGA MITTE 2018/2019"]
[Site "Grieskirchen, Friedberg/Sauwald, St. Veit, Deutschlandsberg"]
[Date "2018.10.19"]
[Round "1"]
[Board "3"]
[White "Kuba, Guenter"]
[Black "Titz, Heimo"]
[Result "1/2-1/2"]
[WhiteElo "2329"]
[BlackElo "2116"]
[PlyCount "141"]
[EventDate "2018.10.19"]
[EventType "team"]
[EventRounds "11"]
[EventCountry "AUT"]
[WhiteTeam "SPG Fuerstenfeld/Hartberg"]
[BlackTeam "SC Die Klagenfurter"]

1. e4 c5 2. Nf3 e6 3. g3 Nc6 4. Bg2 Nf6 5. Qe2 d6 6. O-O Be7 7. c3 O-O 8. d4
cxd4 9. cxd4 d5 10. e5 Ne4 11. Rd1 h6 12. Ne1 Ng5 13. h4 Nh7 14. Nc3 f5 15.
exf6 Bxf6 16. Nf3 Bd7 17. Bf4 Re8 18. Nb5 Re7 19. Bc7 Qc8 20. Bd6 Rf7 21. Ba3
Be7 22. Nd6 Bxd6 23. Bxd6 Qd8 24. Rac1 Qf6 25. b4 a6 26. a4 Qd8 27. b5 axb5 28.
axb5 Na7 29. Ne5 Rf6 30. Nxd7 Qxd7 31. Be5 Rf7 32. Ra1 Rff8 33. Bf1 b6 34. Ra6
Qb7 35. Qg4 Rae8 36. Rxb6 Qf7 37. Rd2 Nf6 38. Bxf6 Qxf6 39. Bh3 Qd8 40. Rxe6
Nxb5 41. Bf1 Qd7 42. Bh3 Rxe6 43. Qxe6+ Qxe6 44. Bxe6+ Kh8 45. f4 Nc7 46. Bd7
Rf7 47. Bh3 Re7 48. Kf2 Kg8 49. Bg2 Kf7 50. Rc2 Ke8 51. Rc5 Rd7 52. Ke3 Re7+
53. Kd3 Rd7 54. Bf3 Kd8 55. Rc6 Ne8 56. Bg4 Ra7 57. Be6 Ra3+ 58. Rc3 Rxc3+ 59.
Kxc3 Nc7 60. Bh3 Ke7 61. Kd3 Kd6 62. Bg2 Ke6 63. Bh3+ Kf6 64. g4 g5 65. fxg5+
hxg5 66. h5 Ne6 67. Kc3 Nf4 68. Bf1 Kg7 69. Bd3 Kh6 70. Bf5 Ne2+ 71. Kd3
 1/2-1/2

[Event "2. BUNDESLIGA MITTE 2018/2019"]
[Site "Grieskirchen, Friedberg/Sauwald, St. Veit, Deutschlandsberg"]
[Date "2018.10.19"]
[Round "1"]
[Board "4"]
[White "Jakits, Leopold"]
[Black "Postl, Anton"]
[Result "0-1"]
[WhiteElo "2175"]
[BlackElo "2288"]
[PlyCount "80"]
[EventDate "2018.10.19"]
[EventType "team"]
[EventRounds "11"]
[EventCountry "AUT"]
[WhiteTeam "SC Die Klagenfurter"]
[BlackTeam "SPG Fuerstenfeld/Hartberg"]

1. c4 Nf6 2. g3 g6 3. Bg2 Bg7 4. Nc3 O-O 5. e4 d6 6. Nge2 c5 7. O-O Nc6 8. d3
a6 9. h3 Rb8 10. a4 Nd7 11. f4 e6 12. Rb1 f5 13. Be3 Nd4 14. Bf2 b6 15. Nxd4
cxd4 16. Ne2 e5 17. b4 Nf6 18. c5 fxe4 19. dxe4 bxc5 20. bxc5 Rxb1 21. Qxb1
dxc5 22. fxe5 Nd7 23. Qb3+ Kh8 24. Qd5 Nxe5 25. Qxc5 Nd3 26. Qd5 Qxd5 27. exd5
Nxf2 28. Rxf2 Rxf2 29. Kxf2 Bd7 30. a5 d3 31. Nf4 Bd4+ 32. Kf3 d2 33. Ke2 Bc3
34. Bf3 Ba4 35. Kd3 Bxa5 36. d6 d1=Q+ 37. Bxd1 Bxd1 38. Nd5 Bb3 39. Nc7 Bxc7
40. dxc7 Be6  0-1

[Event "2. BUNDESLIGA MITTE 2018/2019"]
[Site "Grieskirchen, Friedberg/Sauwald, St. Veit, Deutschlandsberg"]
[Date "2018.10.19"]
[Round "1"]
[Board "5"]
[White "Ugroczky, Peter"]
[Black "Waldmann, Gerald"]
[Result "1/2-1/2"]
[WhiteElo "2297"]
[BlackElo "2151"]
[PlyCount "97"]
[EventDate "2018.10.19"]
[EventType "team"]
[EventRounds "11"]
[EventCountry "AUT"]
[WhiteTeam "SPG Fuerstenfeld/Hartberg"]
[BlackTeam "SC Die Klagenfurter"]

1. e4 e6 2. d4 d5 3. Nd2 Nf6 4. e5 Nfd7 5. Bd3 c5 6. c3 Nc6 7. Ngf3 Be7 8. O-O
Qc7 9. Re1 g5 10. dxc5 g4 11. Nd4 Ndxe5 12. Bb5 Bd7 13. b4 h5 14. Nf1 Ng6 15.
Bd3 Rg8 16. Bxg6 Rxg6 17. g3 Nxd4 18. cxd4 Bg5 19. Qb3 Kf8 20. Re5 f6 21. Re1
Kg7 22. b5 Rh8 23. Bxg5 Rxg5 24. Rac1 h4 25. c6 bxc6 26. bxc6 Bc8 27. Re2 Rgh5
28. Qa3 hxg3 29. fxg3 Kg6 30. Ne3 f5 31. Rg2 Qb6 32. Qc5 Qa6 33. Qc2 Qb6 34.
Rd2 Kg7 35. c7 R5h7 36. Qc3 Kf6 37. Rf2 Kg5 38. Qd2 Kg6 39. Qc3 Kg5 40. Rb2 Qa6
41. Nf1 Rf7 42. Qe3+ Kg6 43. Rbc2 Bd7 44. Nd2 Rc8 45. h4 Qd6 46. Qg5+ Kh7 47.
Nf1 Bb5 48. h5 Rg7 49. Qe3  1/2-1/2

[Event "2. BUNDESLIGA MITTE 2018/2019"]
[Site "Grieskirchen, Friedberg/Sauwald, St. Veit, Deutschlandsberg"]
[Date "2018.10.19"]
[Round "1"]
[Board "6"]
[White "Opietnik, Christoph"]
[Black "Toelly, Michael"]
[Result "1-0"]
[WhiteElo "2081"]
[BlackElo "2092"]
[PlyCount "67"]
[EventDate "2018.10.19"]
[EventType "team"]
[EventRounds "11"]
[EventCountry "AUT"]
[WhiteTeam "SC Die Klagenfurter"]
[BlackTeam "SPG Fuerstenfeld/Hartberg"]

1. e4 e5 2. Nf3 Nc6 3. Bc4 Bc5 4. c3 Nf6 5. d3 O-O 6. O-O a6 7. Nbd2 d6 8. Bb3
Ba7 9. h3 Ne7 10. d4 Ng6 11. Re1 Nh5 12. Nf1 Nhf4 13. dxe5 dxe5 14. Bxf4 exf4
15. e5 Be6 16. Bxe6 fxe6 17. Qb3 Qe7 18. Qxb7 Bxf2+ 19. Kxf2 Qc5+ 20. Nd4 f3
21. Qc6 fxg2+ 22. Kxg2 Nf4+ 23. Kh2 Qe7 24. Qf3 Rab8 25. b3 Qh4 26. Qg3 Qh6 27.
Ne3 Rbd8 28. b4 Qh5 29. Ng4 Qg6 30. Rg1 Nh5 31. Qh4 Rxd4 32. cxd4 Qc2+ 33. Rg2
Qf5 34. Nh6+  1-0

[Event "2. BUNDESLIGA MITTE 2018/2019"]
[Site "Grieskirchen, Friedberg/Sauwald, St. Veit, Deutschlandsberg"]
[Date "2018.10.20"]
[Round "2"]
[Board "1"]
[White "Leisch, Lukas"]
[Black "Halvax, Georg"]
[Result "0-1"]
[WhiteElo "2338"]
[BlackElo "2421"]
[PlyCount "94"]
[EventDate "2018.10.19"]
[EventType "team"]
[EventRounds "11"]
[EventCountry "AUT"]
[WhiteTeam "Freistadt/Wartberg"]
[BlackTeam "SC MPOE Maria Saal II"]

1. e4 c5 2. Nf3 Nc6 3. d4 cxd4 4. Nxd4 e5 5. Nb5 d6 6. N1c3 a6 7. Na3 b5 8. Nd5
Nf6 9. Bg5 Be7 10. Bxf6 Bxf6 11. c4 b4 12. Nc2 Rb8 13. b3 Bg5 14. g3 O-O 15. h4
Bh6 16. Bh3 Be6 17. Kf1 Qd7 18. g4 f6 19. Qf3 g6 20. Rd1 a5 21. Qg3 Bg7 22.
Nde3 Qe7 23. Kg2 Kh8 24. Rd3 Rbd8 25. Rhd1 Bh6 26. Nd5 Qa7 27. Qf3 Qg7 28. Kh1
Rf7 29. Rg1 Qf8 30. Qg2 Bf4 31. Nxf4 exf4 32. Nd4 Nxd4 33. Rxd4 Qh6 34. Qf3
Qxh4 35. Kg2 Qg5 36. Rgd1 Rfd7 37. Kf1 Kg7 38. R1d3 Kf7 39. Qh1 Ke8 40. f3 Qh4
41. Rd2 a4 42. Rh2 axb3 43. axb3 Ra8 44. Rd1 Rda7 45. Bg2 Qg3 46. Rxh7 Ra1 47.
Rh8+ Kd7  0-1

[Event "2. BUNDESLIGA MITTE 2018/2019"]
[Site "Grieskirchen, Friedberg/Sauwald, St. Veit, Deutschlandsberg"]
[Date "2018.10.20"]
[Round "2"]
[Board "2"]
[White "Handler, Lukas"]
[Black "Koller, Hans-Juergen"]
[Result "1-0"]
[WhiteElo "2415"]
[BlackElo "2163"]
[PlyCount "97"]
[EventDate "2018.10.19"]
[EventType "team"]
[EventRounds "11"]
[EventCountry "AUT"]
[WhiteTeam "SC MPOE Maria Saal II"]
[BlackTeam "Freistadt/Wartberg"]

1. d4 {[%emt 0:00:00]} Nf6 2. c4 c5 3. d5 e6 4. Nc3 exd5 5. cxd5 d6 6. e4 g6 7.
Nf3 Bg7 8. Be2 O-O 9. Be3 Bg4 10. Nd2 Bxe2 11. Qxe2 a6 12. a4 Nbd7 13. O-O Re8
14. h3 Qc7 15. Rfe1 Rac8 16. a5 Nh5 17. Ra4 Be5 18. g3 Ndf6 19. Kg2 c4 20. g4
Nf4+ 21. Bxf4 Bxf4 22. Nxc4 Qd8 23. Qf3 Be5 24. Nxe5 Rxe5 25. Qg3 g5 26. f4
gxf4 27. Qxf4 Qe7 28. Rf1 Kg7 29. Rf3 Nd7 30. Rd4 Nf8 31. Qg3 Ng6 32. Kf1 Qg5
33. Qf2 Rc7 34. Rf5 Qh6 35. Rd3 Qc1+ 36. Rd1 Qh6 37. Qg3 Rc5 38. Kg1 Rxa5 39.
Rdf1 Re7 40. Kh2 Rd7 41. g5 Qh4 42. Qf3 Ne5 43. Qe2 Ng6 44. b4 Ra3 45. Qb2 Rxc3
46. Qxc3+ Ne5 47. Rxe5 dxe5 48. Qxe5+ Kf8 49. d6  1-0

[Event "2. BUNDESLIGA MITTE 2018/2019"]
[Site "Grieskirchen, Friedberg/Sauwald, St. Veit, Deutschlandsberg"]
[Date "2018.10.20"]
[Round "2"]
[Board "3"]
[White "Mayerhofer, Peter"]
[Black "Rieger, Robert"]
[Result "1/2-1/2"]
[WhiteElo "2181"]
[BlackElo "2297"]
[PlyCount "65"]
[EventDate "2018.10.19"]
[EventType "team"]
[EventRounds "11"]
[EventCountry "AUT"]
[WhiteTeam "Freistadt/Wartberg"]
[BlackTeam "SC MPOE Maria Saal II"]

1. d4 {[%emt 0:00:00]} Nf6 {[%eval 0,0] [%emt 0:00:00]} 2. Nf3 d5 3. Bf4 c6 4.
e3 Qb6 5. Qc1 Bf5 6. c4 e6 7. Nc3 Nbd7 8. c5 Qd8 9. b4 Be7 10. Be2 h6 11. h3
O-O 12. O-O Qc8 13. Qd1 b6 14. a3 a5 15. Qd2 Qb7 16. Bd3 Bxd3 17. Qxd3 Ra7 18.
Rfb1 Rfa8 19. Qf1 axb4 20. axb4 Bd8 21. Rxa7 Rxa7 22. Ra1 b5 23. Qb1 Ne8 24.
Ra2 Bc7 25. Bxc7 Nxc7 26. Rxa7 Qxa7 27. Qa2 Qa6 28. Nd2 Kf8 29. Nb3 Qxa2 30.
Nxa2 Ke7 31. Na5 Nb8 32. Kf1 e5 33. Nc3  1/2-1/2

[Event "2. BUNDESLIGA MITTE 2018/2019"]
[Site "Grieskirchen, Friedberg/Sauwald, St. Veit, Deutschlandsberg"]
[Date "2018.10.20"]
[Round "2"]
[Board "4"]
[White "Tomazini, Zan"]
[Black "Rechberger, Franz"]
[Result "1-0"]
[WhiteElo "2431"]
[BlackElo "2115"]
[PlyCount "73"]
[EventDate "2018.10.19"]
[EventType "team"]
[EventRounds "11"]
[EventCountry "AUT"]
[WhiteTeam "SC MPOE Maria Saal II"]
[BlackTeam "Freistadt/Wartberg"]

1. e4 {[%emt 0:00:00]} e5 2. Nf3 Nc6 3. Bc4 Nf6 4. d3 Be7 5. O-O O-O 6. a4 d5
7. exd5 Nxd5 8. Re1 Bf6 9. h3 Re8 10. Nbd2 Nb6 11. Bb3 Be6 12. Bxe6 Rxe6 13.
Ne4 Nd7 14. Bd2 Re8 15. Bc3 Be7 16. Qd2 Bf8 17. b4 a5 18. b5 Nb4 19. Qc1 f6 20.
Qb2 Kh8 21. d4 Nd5 22. dxe5 Nxc3 23. Nxc3 Bb4 24. Rad1 fxe5 25. Nxe5 Rxe5 26.
Rxe5 Qf6 27. Re3 Ne5 28. Qb3 Rf8 29. Ne4 Qf4 30. Rf1 Qh4 31. Qe6 Ng6 32. Qg4
Qd8 33. Ng5 Qd5 34. Rd1 Qa2 35. Qh5 h6 36. Qxg6 hxg5 37. Re8  1-0

[Event "2. BUNDESLIGA MITTE 2018/2019"]
[Site "Grieskirchen, Friedberg/Sauwald, St. Veit, Deutschlandsberg"]
[Date "2018.10.20"]
[Round "2"]
[Board "5"]
[White "Traunwieser, Georg"]
[Black "Kreisl, Robert"]
[Result "0-1"]
[WhiteElo "2102"]
[BlackElo "2427"]
[PlyCount "52"]
[EventDate "2018.10.19"]
[EventType "team"]
[EventRounds "11"]
[EventCountry "AUT"]
[WhiteTeam "Freistadt/Wartberg"]
[BlackTeam "SC MPOE Maria Saal II"]

1. d4 {[%emt 0:00:00]} g6 2. g3 Bg7 3. Bg2 Nf6 4. Nf3 O-O 5. O-O b6 6. c4 Bb7
7. Nc3 Ne4 8. Nxe4 Bxe4 9. Be3 d6 10. Qd2 Nd7 11. Bh6 e6 12. Bxg7 Kxg7 13. Qe3
Bb7 14. Rfd1 a5 15. Nd2 Bxg2 16. Kxg2 Qe7 17. h4 Nf6 18. Ne4 Nxe4 19. Qxe4 f5
20. Qc6 f4 21. Rd3 Rad8 22. Rh1 fxg3 23. Rxg3 Kh8 24. Qe4 Rf5 25. Rhh3 Rdf8 26.
f3 e5  0-1